El Jesús histórico: manual

Saved in:
Bibliographic Details
Main Author: Theissen, Gerd (Author)
Other Authors: Merz, Annette (autora)
Format: Book
Language:Spanish
Published: Salamanca Sígueme 1999
Edition:1a. ed
Series:Biblioteca de Estudios Bíblicos, 100
Subjects:
Tags: Add Tag
No Tags, Be the first to tag this record!

MARC

LEADER 00000nam a2200000 a 4500
001 UCJ0959
003 CL-VaPUC
008 060929e19990000SP |||||||||||||||||spa|d
020 |a 8430113495 
082 0 4 |a 232  |b THE  |2 21 
100 0 |a Theissen, Gerd  |e author  |9 501462 
700 |a Merz, Annette  |e autora  |9 501463 
245 1 3 |a El Jesús histórico: manual 
250 |a 1a. ed 
300 |a 710 p 
942 |c BK 
945 |d 20060929 00:00:00  |a cmena 
260 |a Salamanca  |b Sígueme  |c 1999 
600 0 |a Jesús  |9 313614 
650 0 |a Cristología   |9 315091 
650 0 |a Vida religiosa  |9 257284 
650 0 |a Fuentes Históricas  |9 265141 
583 |a last modification  |c 20140409 04:11:25  |k Rodrigo Vera 
490 0 |a Biblioteca de Estudios Bíblicos, 100 
999 |c 317694  |d 317692 
952 |0 0  |1 0  |4 0  |6 232_000000000000000_THE_1999  |7 0  |8 F  |9 394566  |a BIBTEO  |b BIBTEO  |d 2019-11-22  |i 4265416  |o 232 THE 1999  |p 4265416  |r 2025-01-17  |w 2019-11-22  |y BK_F  |k ICR